American Jewish History

Detalles Bibliográficos
Formato: eBook
Lenguaje:inglés
Publicado: Estados Unidos American Jewish Historical Society 2015
Materias:
Acceso en línea:Acceso restringido

MARC

LEADER 00000nam a22000007a 4500
005 20160125102521.0
007 cr|||| ||
008 160125s19972015-usun|pos|||| 0||| 1eng d
022 |a 0164-0178 
035 |a 2906 
040 |a vLex 
090 |c 5840  |d 5840 
245 1 0 |a American Jewish History  |h [Recurso electrn̤ico] /  |c American Jewish Historical Society  
256 |a Servicio en ln̕ea  
260 |a Estados Unidos  |b American Jewish Historical Society   |c 2015 
300 |a 1 recurso electrn̤ico  
310 |a Desconocida 
506 1 |a Contenido solo disponible en los productos indicados  |d vLex Global  |d vLex Global (Academic Edition, excluding Law Schools)  |d vLex Global (U.S. Academic Edition, Law Schools)  |d vLex Global (U.S. Academic Edition, excluding Law Schools)  |d vLex Global (Academic Edition, Law Schools) 
650 0 4 |a Judios  |z Amřica 
740 0 |a vLex revistas (servicio en ln̕ea)  
856 4 0 |u http://vlex.com/source/american-jewish-history-2906  |z Acceso restringido  
942 |c REV 
999 0 |a Jews